Normal view
MARC view
Entry Topical Term
001 - CONTROL NUMBER
- control field: 51607
003 - CONTROL NUMBER IDENTIFIER
- control field: OSt
005 - DATE AND TIME OF LATEST TRANSACTION
- control field: 20250325110218.0
008 - FIXED-LENGTH DATA ELEMENTS
- fixed length control field: 250325|| aca||aabn | a|a d
040 ## - CATALOGING SOURCE
- Original cataloging agency: OSt
- Transcribing agency: OSt
150 ## - HEADING--TOPICAL TERM
- Topical term or geographic name entry element: Scientific criminal investigation, Emerging field, Criminal investigators, Scientific tools, Techniques, Solve crimes, Forensic science, Lifting evidence, Processing evidence, Vacating evidence, Registration of FIR, Trial, Scientific orientation, Criminal investigations.
670 ## - SOURCE DATA FOUND
- Source citation: Work cat.: (OSt)525737: Katheria, Vikas 51606, Scientific criminal investigations: structured formulation of hypothesis and testing in police investigations
